| 000 | 00633nam a22002057a 4500 | ||
|---|---|---|---|
| 003 | 0 | ||
| 005 | 20230914090129.0 | ||
| 008 | 230914b xxu||||| |||| 00| 0 eng d | ||
| 020 | _a978-1-975167-77-6 | ||
| 050 |
_aRC 954 _b.El55 2022 |
||
| 100 | _aEliopoulos,Charlotte | ||
| 245 |
_aGerontological nursing _cCharlotte Eliopoulos |
||
| 250 | _aTenth edition | ||
| 260 |
_aPhiladelphia _bWolters Kluwer _cc2022. |
||
| 300 |
_axxiv, 565 pages : _bcol. ill. ; _c26 cm. |
||
| 500 | _aGeriatric nursing. | ||
| 504 | _aIncludes bibliographical references, glossary, and index. | ||
| 650 | _aGeriatric nursing. | ||
| 942 |
_2lcc _cBK |
||
| 999 |
_c365300 _d365300 |
||